[Event "It (open)"]
[Site "masterchessopen.com - Bad Woerishofen (Germany)"]
[Date "2009.03.06"]
[Round "2"]
[White "Riedel Lutz (GER)"]
[Black "Lindner Ulrich (GER)"]
[Result "1-0"]
[WhiteElo "2157"]
[BlackElo "1962"]

1.c4 Nf6 2.Nc3 e6 3.Nf3 Bb4 4.Qb3 a5 5.e4 Bxc3 6.Qxc3 Nxe4 7.Qxg7 Qf6 8.Qg4
Qg6 9.Qf4 Nd6 10.d3 Na6 11.Be3 Nb4 12.Kd2 Qf5 13.c5 Nd5 14.Qd4 Rg8 15.cxd6
cxd6 16.Qe4 Qh5 17.h3 f5 18.Qh4 Qg6 19.g4 f4 20.Bd4 e5 21.Re1 Kf8 22.Nxe5 dxe5
23.Rxe5 Qd6 24.Qd8+ {#r} 1-0

[Event "Ch Germany (juniors) (Internet) (under 18) (qual3)"]
[Site "masterchessopen.com - Internet"]
[Date "2010.06.09"]
[Round "3"]
[White "Pfleger Juergen (GER)"]
[Black "Doelker Kai (GER)"]
[Result "1-0"]
[WhiteElo "1830"]
[BlackElo "1723"]

1.c4 Nf6 2.Nc3 e6 3.Nf3 Bb4 4.g3 b6 5.Bg2 Bb7 6.O-O O-O 7.a3 Bxc3 8.bxc3 d6
9.d4 Ne4 10.Qc2 f5 11.Ng5 d5 12.Nxe6 Qe7 13.Nxf8 Qxf8 14.Bxe4 dxe4 15.Bf4 c5
16.Bxb8 Rxb8 17.e3 Qf6 18.Rab1 Qh6 19.dxc5 bxc5 20.Qa4 Qe6 21.Rb5 Kf7 22.Qa5
Qd7 23.Rfb1 a6 24.Rxc5 Bc6 25.Rxf5+ Qxf5 26.Qxf5+ {#r} 1-0

[Event "Cup Belgrade (team)"]
[Site "masterchessopen.com - Belgrade (Serbia)"]
[Date "2011.04.14"]
[Round "2"]
[White "Cvetkovic Srdjan (SRB)"]
[Black "Vrbljanac Aleksandar (SRB)"]
[Result "0-1"]
[WhiteElo "2406"]
[BlackElo "2274"]

1.c4 Nf6 2.Nc3 e6 3.Nf3 Bb4 4.Qc2 O-O 5.a3 Bxc3 6.Qxc3 d6 7.b4 a5 8.Bb2 b6
9.g3 Bb7 10.Bg2 Nbd7 11.O-O Qe7 12.d3 c5 13.bxc5 bxc5 14.Rab1 Bc6 15.Ba1 a4
16.Qc2 Rfb8 17.Nd2 Bxg2 18.Kxg2 e5 19.Bc3 h6 20.Rxb8+ Nxb8 21.Rb1 Nc6 22.e3
Qa7 23.Rb5 Rb8 24.Qb2 {#R} 0-1

[Event "Olympiad"]
[Site "masterchessopen.com - Istanbul (Turkey)"]
[Date "2012.09.04"]
[Round "7"]
[White "Milos Gilberto (BRA)"]
[Black "Kurmann Oliver (SUI)"]
[Result "1-0"]
[WhiteElo "2593"]
[BlackElo "2460"]

1.c4 Nf6 2.Nc3 e6 3.Nf3 Bb4 4.g3 O-O 5.Bg2 c5 6.O-O Nc6 7.Na4 d6 8.a3 Ba5 9.d4
Qe7 10.Be3 Rd8 11.d5 exd5 12.cxd5 Nb8 13.b4 b5 14.Nxc5 Bb6 15.Nd2 a6 16.Rc1
Re8 17.Ndb3 Ra7 18.Bd4 Bg4 19.Re1 Qd8 20.Qd2 Rae7 21.Bxf6 gxf6 22.Qf4 f5 23.h3
Bh5 24.Nd4 dxc5 25.Nxf5 Rxe2 26.Rxe2 Rxe2 27.Qh6 {#r} 1-0